[Event "2. Rethymno Open"]
[Site "Rethymno GRE"]
[Date "2010.07.17"]
[Round "6.7"]
[White "Hovhanisian, Mher"]
[Black "Banikas, Hristos"]
[Result "1/2-1/2"]
[WhiteElo "2479"]
[BlackElo "2591"]
[PlyCount "135"]
[EventDate "2010.07.13"]
[EventType "swiss"]
[EventRounds "9"]
[EventCountry "GRE"]
[Source "lmi"]
[SourceDate "2010.07.13"]

1. e4 c5 2. c3 d5 3. exd5 Qxd5 4. d4 Nf6 5. Nf3 Bg4 6. Be2 e6 7. O-O Nc6 8. h3
Bh5 9. Be3 cxd4 10. cxd4 Be7 11. Nc3 Qd6 12. a3 O-O 13. b4 Rac8 14. Rc1 a5 15.
Nb5 Qd8 16. bxa5 Qxa5 17. Qb3 Nd5 18. Bd2 Qb6 19. Rb1 Rfd8 20. Qa2 Qa6 21. Rfe1
Qa4 22. Bd1 Qa8 23. Nc3 Nf6 24. Nb5 Bg6 25. Rb2 Be4 26. Ng5 Bd5 27. Bb3 Qa6 28.
Bxd5 Nxd5 29. Ne4 Na7 30. a4 Nxb5 31. Rxb5 Nc7 32. Rh5 Rxd4 33. Qb1 h6 34. Bxh6
gxh6 35. Rxh6 Kg7 36. Nc5 Kxh6 37. Nxa6 bxa6 38. Qb7 Rdd8 39. Rc1 Bd6 40. g3
Kg7 41. Qb2+ Kf8 42. Qh8+ Ke7 43. Qh4+ Ke8 44. Qh8+ Kd7 45. Qg7 Rf8 46. Qd4 Nd5
47. Rb1 Rc7 48. h4 Rg8 49. Qd3 a5 50. Qh7 Rf8 51. h5 Be5 52. h6 Ke7 53. Qe4 Bf6
54. Qd3 Rh8 55. Rb5 Rd7 56. Qa3+ Ke8 57. Rxa5 Rxh6 58. Qc1 Rh5 59. Qc6 Bd8 60.
Rb5 Rf5 61. Rb8 Nf6 62. a5 Rfd5 63. a6 R5d6 64. Qa4 Rd4 65. Qc6 R4d6 66. Qa4
Rd4 67. Qc6 R4d6 68. Qa4 1/2-1/2

[Event "2. Rethymno Open"]
[Site "Rethymno GRE"]
[Date "2010.07.17"]
[Round "6.8"]
[White "Dubov, Daniil"]
[Black "Zubarev, Alexander"]
[Result "1/2-1/2"]
[WhiteElo "2446"]
[BlackElo "2562"]
[PlyCount "124"]
[EventDate "2010.07.13"]
[EventType "swiss"]
[EventRounds "9"]
[EventCountry "GRE"]
[Source "lmi"]
[SourceDate "2010.07.13"]

1. d4 Nf6 2. c4 e6 3. Nf3 c5 4. d5 b5 5. Bg5 b4 6. e4 d6 7. Bd3 Be7 8. O-O O-O
9. Nbd2 a5 10. e5 dxe5 11. Nxe5 exd5 12. cxd5 Qxd5 13. Ndf3 Bb7 14. Re1 h6 15.
Bh4 Qd8 16. Qc2 Bxf3 17. gxf3 Bd6 18. Rad1 Nbd7 19. Bh7+ Nxh7 20. Bxd8 Nxe5 21.
Rxd6 Nxf3+ 22. Kf1 Nxe1 23. Qd1 Re8 24. Qd5 Ra7 25. Qxc5 Ra8 26. Qd5 Rc8 27.
Rd7 Re6 28. Rxf7 Rxd8 29. Qxe6 Ng5 30. Rxg7+ Kxg7 31. Qe7+ Nf7 32. Qxe1 Rd5 33.
Qe3 Kf6 34. Kg2 Rg5+ 35. Kf1 Rd5 36. Qb6+ Nd6 37. Qd8+ Kf7 38. Qd7+ Kf6 39.
Qd8+ Kf7 40. Qa8 Rf5 41. Ke2 h5 42. f4 Ke7 43. Kf3 Kd7 44. Qg8 Ke7 45. Qg6 Kd7
46. Ke3 Kc6 47. Qe6 Rd5 48. Qg8 Rf5 49. Qd8 Rb5 50. Ke2 Rf5 51. h3 Rb5 52. Qa8+
Kd7 53. a3 bxa3 54. bxa3 Rf5 55. Ke3 Nc4+ 56. Kd4 Nd6 57. a4 Kc7 58. Qa7+ Kc6
59. Ke3 Nc4+ 60. Kf3 Nd6 61. Qa6+ Kc7 62. Ke3 Kd7 1/2-1/2

[Event "2. Rethymno Open"]
[Site "Rethymno GRE"]
[Date "2010.07.17"]
[Round "6.9"]
[White "Zinchenko, Yaroslav"]
[Black "Smirnov, Artem"]
[Result "1-0"]
[WhiteElo "2544"]
[BlackElo "2446"]
[PlyCount "45"]
[EventDate "2010.07.13"]
[EventType "swiss"]
[EventRounds "9"]
[EventCountry "GRE"]
[Source "lmi"]
[SourceDate "2010.07.13"]

1. e4 c5 2. Nf3 d6 3. d4 cxd4 4. Nxd4 Nf6 5. Nc3 Bd7 6. Bg5 e6 7. Qd2 a6 8.
O-O-O h6 9. Bh4 Nxe4 10. Qf4 Ng5 11. Qe3 Be7 12. Bd3 Nc6 13. f4 Nh7 14. Bxe7
Qxe7 15. Bxh7 Rxh7 16. Rhe1 g6 17. f5 Ne5 18. Ne4 Nc4 19. Qc3 d5 20. Nxe6 fxe6
21. Nf6+ Kf7 22. fxe6+ Bxe6 23. Nxh7 1-0

[Event "2. Rethymno Open"]
[Site "Rethymno GRE"]
[Date "2010.07.17"]
[Round "6.13"]
[White "David, Alberto"]
[Black "Bellia, Fabrizio"]
[Result "1/2-1/2"]
[WhiteElo "2622"]
[BlackElo "2376"]
[PlyCount "104"]
[EventDate "2010.07.13"]
[EventType "swiss"]
[EventRounds "9"]
[EventCountry "GRE"]
[Source "lmi"]
[SourceDate "2010.07.13"]

1. c4 e5 2. Nc3 Nf6 3. Nf3 Nc6 4. d3 Nd4 5. Nxe5 d6 6. Nf3 Nxf3+ 7. gxf3 g6 8.
d4 Bg7 9. Be3 O-O 10. Qd2 Nh5 11. O-O-O c6 12. Bg5 f6 13. Bh6 Bxh6 14. Qxh6 f5
15. e3 Qh4 16. Be2 f4 17. Rhg1 Bf5 18. e4 Bd7 19. c5 d5 20. exd5 cxd5 21. Nxd5
Bf5 22. Qg5 Qxh2 23. Rh1 Qxf2 24. Rd2 Kh8 25. Nxf4 Rfe8 26. Bd1 Qe3 27. Nh3 Qe6
28. d5 Qc8 29. Qg1 Bxh3 30. Qd4+ Kg8 31. d6 Nf6 32. Bb3+ Kg7 33. Rdh2 b6 34.
Rxh3 Qxc5+ 35. Qxc5 bxc5 36. R3h2 Re3 37. Ba4 Rd3 38. Rd1 Rxd1+ 39. Kxd1 Rd8
40. Rd2 Kf7 41. Bb3+ Kf8 42. Kc2 Ne8 43. Rd5 Nxd6 44. Rxc5 Rc8 45. Rxc8+ Nxc8
46. Be6 Nb6 47. Kd3 Ke7 48. Bh3 Kd6 49. f4 Nd5 50. Ke4 Nf6+ 51. Kd4 Nd5 52. Ke4
Nf6+ 1/2-1/2

[Event "2. Rethymno Open"]
[Site "Rethymno GRE"]
[Date "2010.07.17"]
[Round "6.15"]
[White "Vorobiov, Evgeny E"]
[Black "Vuilleumier, Alexandre"]
[Result "1/2-1/2"]
[WhiteElo "2592"]
[BlackElo "2361"]
[PlyCount "35"]
[EventDate "2010.07.13"]
[EventType "swiss"]
[EventRounds "9"]
[EventCountry "GRE"]
[Source "lmi"]
[SourceDate "2010.07.13"]

1. d4 d5 2. c4 e6 3. Nf3 Nf6 4. g3 Bb4+ 5. Bd2 Be7 6. Bg2 O-O 7. O-O Nbd7 8.
Qc2 c6 9. Bg5 b6 10. Nbd2 Bb7 11. Rad1 Rc8 12. Qb1 h6 13. Bxf6 Nxf6 14. e4 dxe4
15. Nxe4 Qc7 16. Nxf6+ Bxf6 17. b4 c5 18. dxc5 1/2-1/2

[Event "2. Rethymno Open"]
[Site "Rethymno GRE"]
[Date "2010.07.17"]
[Round "6.17"]
[White "Maiorov, Nikita"]
[Black "Poobalasingam, Peter S"]
[Result "1-0"]
[WhiteElo "2532"]
[BlackElo "2326"]
[PlyCount "77"]
[EventDate "2010.07.13"]
[EventType "swiss"]
[EventRounds "9"]
[EventCountry "GRE"]
[Source "lmi"]
[SourceDate "2010.07.13"]

1. d4 Nf6 2. c4 g6 3. Nf3 Bg7 4. g3 d5 5. Bg2 dxc4 6. Na3 O-O 7. O-O Nc6 8.
Nxc4 Be6 9. b3 Bd5 10. Bb2 a5 11. Ne3 Be4 12. a3 Qb8 13. Nc4 Rd8 14. e3 Bd5 15.
Qe2 Qa7 16. Rfc1 Qa6 17. Qc2 Be4 18. Qd1 Bd5 19. Bf1 Qa7 20. Qe2 Ne4 21. Rc2 a4
22. b4 Nd6 23. Ncd2 Qb6 24. Rc5 Bxf3 25. Nxf3 Ne4 26. Rc2 Na7 27. Ne5 c6 28.
Nc4 Qc7 29. Na5 Qd7 30. Bg2 Nd6 31. Rd1 Qf5 32. e4 Qb5 33. e5 Nf5 34. Qxb5 Nxb5
35. Nxb7 Nfxd4 36. Nxd8 Nxc2 37. Bxc6 Rb8 38. Bxb5 Rxb5 39. Nc6 1-0

[Event "2. Rethymno Open"]
[Site "Rethymno GRE"]
[Date "2010.07.17"]
[Round "6.20"]
[White "Goumas, Georgios"]
[Black "D`costa, Lorin A R"]
[Result "1-0"]
[WhiteElo "2298"]
[BlackElo "2456"]
[PlyCount "89"]
[EventDate "2010.07.13"]
[EventType "swiss"]
[EventRounds "9"]
[EventCountry "GRE"]
[Source "lmi"]
[SourceDate "2010.07.13"]

1. e4 c5 2. Nf3 d6 3. d4 cxd4 4. Nxd4 Nf6 5. Nc3 e6 6. Be3 a6 7. Be2 Qc7 8. g4
b5 9. g5 Nfd7 10. a3 Nb6 11. Qd2 N8d7 12. O-O-O Ne5 13. Ndxb5 axb5 14. Nxb5 Qc6
15. Bxb6 Qxb6 16. Nxd6+ Bxd6 17. Qxd6 Qxd6 18. Rxd6 h6 19. Rhd1 Ke7 20. f4 Ng6
21. Rc6 Ra7 22. gxh6 Nxf4 23. hxg7 Rg8 24. Bb5 Bd7 25. Ra6 Bxb5 26. Rxa7+ Kf6
27. e5+ Kxg7 28. a4 Be2 29. Rdd7 Bh5 30. b4 Bg6 31. b5 Nd5 32. Rd6 Rh8 33. Rxe6
Rxh2 34. Rc6 Nb4 35. Rxg6+ Kxg6 36. Rc7 Rh8 37. Kb2 Rf8 38. Rc5 Rd8 39. Rc4 Nd5
40. Rd4 Rd7 41. c4 Nb6 42. Rxd7 Nxd7 43. a5 Nxe5 44. Kc3 Nd7 45. a6 1-0

[Event "2. Rethymno Open"]
[Site "Rethymno GRE"]
[Date "2010.07.17"]
[Round "6.21"]
[White "Richter, Michael"]
[Black "Altukhov, Yriu"]
[Result "1-0"]
[WhiteElo "2428"]
[BlackElo "2066"]
[PlyCount "61"]
[EventDate "2010.07.13"]
[EventType "swiss"]
[EventRounds "9"]
[EventCountry "GRE"]
[Source "lmi"]
[SourceDate "2010.07.13"]

1. d4 Nf6 2. c4 e6 3. Nc3 d5 4. cxd5 exd5 5. Bg5 Be7 6. e3 O-O 7. Bd3 Nbd7 8.
Nge2 Re8 9. Qc2 Nf8 10. h3 c6 11. g4 a5 12. O-O-O b5 13. Kb1 a4 14. Ng3 Qa5 15.
Nce2 Bd7 16. Nf5 Bxf5 17. gxf5 Rac8 18. Rhg1 Kh8 19. Nf4 N8d7 20. Qe2 b4 21.
Nh5 Rg8 22. Rc1 Qd8 23. Ba6 Rc7 24. Bf4 Ra7 25. Bd3 Qb6 26. Be5 Nxh5 27. Qxh5
f6 28. Bf4 c5 29. Qf7 Nf8 30. Bh6 Bd6 31. Qxd5 1-0

[Event "2. Rethymno Open"]
[Site "Rethymno GRE"]
[Date "2010.07.17"]
[Round "6.23"]
[White "Tchantcev, Chaliko"]
[Black "Batsiashvili, Nino"]
[Result "1-0"]
[WhiteElo "2284"]
[BlackElo "2383"]
[PlyCount "89"]
[EventDate "2010.07.13"]
[EventType "swiss"]
[EventRounds "9"]
[EventCountry "GRE"]
[Source "lmi"]
[SourceDate "2010.07.13"]

1. Nf3 d5 2. b3 Nf6 3. c4 e6 4. g3 Be7 5. Bg2 O-O 6. O-O c5 7. e3 Nc6 8. Bb2 b6
9. d3 Bb7 10. a3 Qd6 11. Nc3 Rad8 12. cxd5 exd5 13. d4 Ne4 14. Rc1 f5 15. Qc2
Qe6 16. Ne2 Na5 17. Nf4 Qh6 18. dxc5 bxc5 19. Rcd1 Qb6 20. b4 cxb4 21. axb4
Qxb4 22. Bd4 Qd6 23. Be5 Qc6 24. Qa2 Nc4 25. Ba1 Rd6 26. Nd4 Qd7 27. Nb3 Rc8
28. Rc1 Ra6 29. Qe2 Ra3 30. Nd4 Ba6 31. Qh5 Bf6 32. Nxf5 Bxa1 33. Rxa1 Nf6 34.
Qg5 Kh8 35. Rad1 Nb6 36. Rfe1 Rf8 37. e4 Bc8 38. g4 g6 39. e5 Nxg4 40. e6 Qc7
41. e7 Re8 42. Qxg4 Bxf5 43. Qg5 Qd6 44. Nxd5 Nc8 45. Qc1 1-0

[Event "2. Rethymno Open"]
[Site "Rethymno GRE"]
[Date "2010.07.17"]
[Round "6.27"]
[White "Arnold, Max"]
[Black "Paulet, Iozefina"]
[Result "0-1"]
[WhiteElo "1951"]
[BlackElo "2261"]
[PlyCount "64"]
[EventDate "2010.07.13"]
[EventType "swiss"]
[EventRounds "9"]
[EventCountry "GRE"]
[Source "lmi"]
[SourceDate "2010.07.13"]

1. e4 c5 2. Nf3 d6 3. d4 cxd4 4. Nxd4 Nf6 5. Nc3 a6 6. Bg5 e6 7. f4 Qb6 8. Qd2
Nc6 9. Bxf6 gxf6 10. Nb3 Bd7 11. O-O-O O-O-O 12. Be2 Rg8 13. Bh5 Rg7 14. Rhf1
Na5 15. Nxa5 Qxa5 16. f5 Kb8 17. Kb1 Rc8 18. g4 Be7 19. g5 Rxg5 20. Bxf7 exf5
21. Nd5 Qxd2 22. Rxd2 Bd8 23. exf5 Rxf5 24. Rxf5 Bxf5 25. Ne3 Bg6 26. Be6 Ba5
27. Rxd6 Re8 28. Nd5 Bc7 29. Nxc7 Kxc7 30. Rd7+ Kc6 31. Bg4 Bf5 32. Rd4 Bxg4
0-1

[Event "2. Rethymno Open"]
[Site "Rethymno GRE"]
[Date "2010.07.17"]
[Round "6.28"]
[White "Papadogiannis, Sevastianos"]
[Black "Sgnaolin, Davide"]
[Result "0-1"]
[WhiteElo "1946"]
[BlackElo "2255"]
[PlyCount "74"]
[EventDate "2010.07.13"]
[EventType "swiss"]
[EventRounds "9"]
[EventCountry "GRE"]
[Source "lmi"]
[SourceDate "2010.07.13"]

1. e4 c5 2. Nf3 Nc6 3. d4 cxd4 4. Nxd4 g6 5. c4 Bg7 6. Be3 Nf6 7. Nc3 Ng4 8.
Qxg4 Nxd4 9. Qd1 e5 10. Bd3 O-O 11. O-O d6 12. Rc1 Be6 13. Qa4 a6 14. Bxd4 exd4
15. Nd5 Bd7 16. Qb4 Bc6 17. f4 Rb8 18. a4 Qd7 19. e5 Rbe8 20. f5 Bxe5 21. Qd2
f6 22. Nb6 Qg7 23. b4 gxf5 24. Rxf5 Qg4 25. Re1 Re7 26. b5 Be8 27. Nd5 Rg7 28.
Qf2 Qh3 29. Rd1 Qxh2+ 30. Kf1 Bh5 31. Rb1 Rg3 32. Rxh5 Qxh5 33. Be2 Qh2 34. Qg1
Qh4 35. Ne7+ Kf7 36. Nf5 Qe4 37. Nh6+ Kg7 0-1

[Event "2. Rethymno Open"]
[Site "Rethymno GRE"]
[Date "2010.07.17"]
[Round "6.29"]
[White "Townsend, M Paul"]
[Black "Hegarty, Sarah N"]
[Result "1-0"]
[WhiteElo "2246"]
[BlackElo "2057"]
[PlyCount "43"]
[EventDate "2010.07.13"]
[EventType "swiss"]
[EventRounds "9"]
[EventCountry "GRE"]
[Source "lmi"]
[SourceDate "2010.07.13"]

1. d4 Nf6 2. c4 g6 3. Nc3 d5 4. Nf3 Bg7 5. Qb3 dxc4 6. Qxc4 O-O 7. e4 Nc6 8.
Be2 Nd7 9. Be3 Nb6 10. Qc5 a5 11. O-O Bd7 12. Rac1 a4 13. Nb5 Bg4 14. d5 Nd7
15. Qa3 Bxf3 16. gxf3 Na5 17. Nxc7 Rc8 18. Nb5 f5 19. Rxc8 Qxc8 20. Qxe7 Bxb2
21. Bh6 Qd8 22. Bxf8 1-0

[Event "2. Rethymno Open"]
[Site "Rethymno GRE"]
[Date "2010.07.17"]
[Round "6.30"]
[White "Haria, Ravi"]
[Black "Malikentzos, Sotirios"]
[Result "0-1"]
[WhiteElo "1884"]
[BlackElo "2239"]
[PlyCount "76"]
[EventDate "2010.07.13"]
[EventType "swiss"]
[EventRounds "9"]
[EventCountry "GRE"]
[Source "lmi"]
[SourceDate "2010.07.13"]

1. e4 c6 2. d4 d5 3. e5 Bf5 4. h4 h5 5. c4 e6 6. Nc3 dxc4 7. Bxc4 Nd7 8. Nf3
Nb6 9. Bb3 Bg4 10. Bg5 Qd7 11. Qd3 Nh6 12. O-O-O Nf5 13. Rd2 Bxf3 14. gxf3 Be7
15. Ne4 O-O-O 16. Rhd1 Bxg5 17. hxg5 Qe7 18. Qc2 h4 19. f4 Nd5 20. Bxd5 exd5
21. Nc5 g6 22. Qa4 Kb8 23. Rd3 Ka8 24. Ra3 b5 25. Qb4 h3 26. Rh1 h2 27. Ra6 Rc8
28. a4 Rh4 29. axb5 cxb5 30. Qb3 Qb7 31. Kd2 Nxd4 32. Qc3 Rxc5 33. Qxd4 Rc4 34.
Rxa7+ Qxa7 35. Qxd5+ Qb7 36. Ra1+ Kb8 37. Qd6+ Rc7 38. Qf8+ Qc8 0-1

[Event "2. Rethymno Open"]
[Site "Rethymno GRE"]
[Date "2010.07.18"]
[Round "7.3"]
[White "Kharitonov, Alexandr"]
[Black "Parligras, Mircea"]
[Result "1/2-1/2"]
[WhiteElo "2548"]
[BlackElo "2574"]
[PlyCount "37"]
[EventDate "2010.07.13"]
[EventType "swiss"]
[EventRounds "9"]
[EventCountry "GRE"]
[Source "lmi"]
[SourceDate "2010.07.13"]

1. d4 Nf6 2. c4 e6 3. Nc3 Bb4 4. e3 O-O 5. Bd3 d5 6. Nge2 dxc4 7. Bxc4 c5 8. a3
Bxc3+ 9. Nxc3 cxd4 10. exd4 Nc6 11. Be3 Qd6 12. O-O Rd8 13. Qc2 Nxd4 14. Bxd4
Qxd4 15. Rad1 Qb6 16. Na4 Qc7 17. Bxe6 Qe7 18. Rxd8+ Qxd8 19. Bb3 1/2-1/2

[Event "2. Rethymno Open"]
[Site "Rethymno GRE"]
[Date "2010.07.18"]
[Round "7.4"]
[White "Postny, Evgeny"]
[Black "Werle, Jan"]
[Result "1-0"]
[WhiteElo "2577"]
[BlackElo "2585"]
[PlyCount "51"]
[EventDate "2010.07.13"]
[EventType "swiss"]
[EventRounds "9"]
[EventCountry "GRE"]
[Source "lmi"]
[SourceDate "2010.07.13"]

1. d4 Nf6 2. c4 e6 3. Nf3 b6 4. g3 Bb7 5. Bg2 Be7 6. O-O O-O 7. Re1 d5 8. cxd5
exd5 9. Nc3 Na6 10. Bf4 c5 11. Rc1 Ne4 12. a3 Bf6 13. Be5 Re8 14. e3 Qe7 15.
Qa4 Nc7 16. Nxe4 dxe4 17. Bxf6 Qxf6 18. Nd2 Qe7 19. dxc5 bxc5 20. Qa5 Ne6 21.
Nxe4 Bxe4 22. Bxe4 Rab8 23. Qc3 Rb6 24. Red1 Reb8 25. Rc2 h5 26. h4 1-0

[Event "2. Rethymno Open"]
[Site "Rethymno GRE"]
[Date "2010.07.18"]
[Round "7.5"]
[White "Sargissian, Gabriel"]
[Black "Sulashvili, Malkhaz"]
[Result "1-0"]
[WhiteElo "2673"]
[BlackElo "2498"]
[PlyCount "83"]
[EventDate "2010.07.13"]
[EventType "swiss"]
[EventRounds "9"]
[EventCountry "GRE"]
[Source "lmi"]
[SourceDate "2010.07.13"]

1. d4 d5 2. c4 e6 3. Nc3 Nf6 4. cxd5 exd5 5. Bg5 c6 6. e3 Be7 7. Bd3 O-O 8. Qc2
Nbd7 9. Nge2 Re8 10. O-O Nf8 11. f3 g6 12. Rad1 Ne6 13. Bh4 Nh5 14. Bxe7 Qxe7
15. Qd2 Qd8 16. Bc2 b5 17. Nc1 a6 18. a3 Ra7 19. Nd3 Qd6 20. Kh1 Rae7 21. Rfe1
Nf6 22. Qf2 Ng7 23. Nc5 Nd7 24. b4 Nb6 25. e4 Nc4 26. a4 Nb2 27. Rc1 bxa4 28.
N3xa4 Nc4 29. Bd3 Na3 30. Nb6 Ne6 31. e5 Qc7 32. Nxd5 cxd5 33. Nxe6 fxe6 34.
Rxc7 Rxc7 35. h4 Nc4 36. h5 gxh5 37. Qh4 Rg7 38. Qxh5 Bd7 39. Kg1 Rb8 40. Qh4
Be8 41. Qf6 Bd7 42. Kf2 1-0

[Event "2. Rethymno Open"]
[Site "Rethymno GRE"]
[Date "2010.07.18"]
[Round "7.6"]
[White "Hovhanisian, Mher"]
[Black "Turov, Maxim"]
[Result "0-1"]
[WhiteElo "2479"]
[BlackElo "2628"]
[PlyCount "87"]
[EventDate "2010.07.13"]
[EventType "swiss"]
[EventRounds "9"]
[EventCountry "GRE"]
[Source "lmi"]
[SourceDate "2010.07.13"]

1. e4 c6 2. d4 d5 3. exd5 cxd5 4. c4 Nf6 5. Nc3 e6 6. Nf3 Bb4 7. cxd5 Nxd5 8.
Qc2 Nc6 9. Be2 Bd7 10. O-O Nce7 11. a3 Bd6 12. Ne4 Bc6 13. Ne5 Rc8 14. Nxd6+
Qxd6 15. Qc5 Qb8 16. Nxc6 Nxc6 17. Bf3 a6 18. Bxd5 Ne7 19. Bc6+ Rxc6 20. Qg5
Ng6 21. Be3 Qd8 22. Qxd8+ Kxd8 23. d5 exd5 24. Rfd1 Ne7 25. b4 Kd7 26. b5 Rc4
27. bxa6 bxa6 28. Rab1 Rhc8 29. g3 f6 30. h4 Ke6 31. Bf4 Ng6 32. Re1+ Kf5 33.
Bb8 Ne5 34. Kg2 Rc2 35. Red1 R8c5 36. Ba7 Rc7 37. Bb8 Rd7 38. Bxe5 fxe5 39. Rb6
e4 40. Rxa6 e3 41. Kf3 exf2 42. Ra4 Ke6 43. Rf4 Ra7 44. a4 0-1

[Event "2. Rethymno Open"]
[Site "Rethymno GRE"]
[Date "2010.07.18"]
[Round "7.9"]
[White "Zubarev, Alexander"]
[Black "Turova, Irina"]
[Result "1/2-1/2"]
[WhiteElo "2562"]
[BlackElo "2394"]
[PlyCount "25"]
[EventDate "2010.07.13"]
[EventType "swiss"]
[EventRounds "9"]
[EventCountry "GRE"]
[Source "lmi"]
[SourceDate "2010.07.13"]

1. e4 e5 2. Bc4 Nc6 3. Nf3 Bc5 4. O-O d6 5. b4 Bb6 6. a4 a6 7. Bb2 Nf6 8. a5
Ba7 9. d4 exd4 10. Nxd4 Nxb4 11. Qd2 O-O 12. Qxb4 c5 13. Qb3 1/2-1/2

[Event "2. Rethymno Open"]
[Site "Rethymno GRE"]
[Date "2010.07.18"]
[Round "7.12"]
[White "Tukhaev, Adam"]
[Black "Dubov, Daniil"]
[Result "1/2-1/2"]
[WhiteElo "2518"]
[BlackElo "2446"]
[PlyCount "61"]
[EventDate "2010.07.13"]
[EventType "swiss"]
[EventRounds "9"]
[EventCountry "GRE"]
[Source "lmi"]
[SourceDate "2010.07.13"]

1. e4 c5 2. c3 g6 3. Nf3 Bg7 4. d4 cxd4 5. cxd4 d5 6. e5 Nh6 7. h3 O-O 8. Be2
Nc6 9. O-O f6 10. exf6 Rxf6 11. Nc3 Rf8 12. g4 Nf7 13. Be3 e6 14. Rc1 Nd6 15.
b3 Bd7 16. Qd2 Rc8 17. Bh6 Rxf3 18. Bxf3 Nxd4 19. Bd1 Bxh6 20. Qxh6 g5 21. f4
Nf7 22. Qh5 gxf4 23. Rxf4 Be8 24. Rf1 Ng5 25. Nxd5 Rxc1 26. Nf6+ Qxf6 27. Qxe8+
Kg7 28. Rxf6 Kxf6 29. Qd8+ Kg6 30. Qg8+ Kf6 31. Qd8+ 1/2-1/2

[Event "2. Rethymno Open"]
[Site "Rethymno GRE"]
[Date "2010.07.18"]
[Round "7.13"]
[White "Bellia, Fabrizio"]
[Black "Pap, Misa"]
[Result "1-0"]
[WhiteElo "2376"]
[BlackElo "2509"]
[PlyCount "107"]
[EventDate "2010.07.13"]
[EventType "swiss"]
[EventRounds "9"]
[EventCountry "GRE"]
[Source "lmi"]
[SourceDate "2010.07.13"]

1. e4 c5 2. Nf3 Nc6 3. d4 cxd4 4. Nxd4 e5 5. Nb5 d6 6. N1c3 a6 7. Na3 b5 8. Nd5
Rb8 9. c4 b4 10. Nc2 Be7 11. Qd3 Nf6 12. Be2 Nd7 13. O-O Nc5 14. Qg3 O-O 15.
Bh6 Bf6 16. f3 b3 17. Nce3 Nd4 18. Bd1 Nce6 19. Nf5 Kh8 20. Nxd4 Nxd4 21. Nxf6
Qxf6 22. Be3 bxa2 23. Bxd4 exd4 24. Rxa2 d3 25. b3 Qc3 26. Qe1 Rxb3 27. Bxb3
Qxb3 28. Qb1 Qxc4 29. Rd2 Bd7 30. Rxd3 Bb5 31. Rfd1 Qc5+ 32. Rd4 f5 33. Qb4
fxe4 34. Qxc5 dxc5 35. Rd8 Kg8 36. fxe4 c4 37. Rxf8+ Kxf8 38. Kf2 Ke7 39. Ke3
Ba4 40. Ra1 Bb5 41. Kd4 Kd6 42. Ra3 Ke7 43. Rh3 h6 44. Rg3 Kf7 45. Kd5 g5 46.
Kd6 Kg6 47. Re3 g4 48. g3 h5 49. e5 Kf5 50. e6 h4 51. Re5+ Kf6 52. Rxb5 axb5
53. e7 hxg3 54. hxg3 1-0

[Event "2. Rethymno Open"]
[Site "Rethymno GRE"]
[Date "2010.07.18"]
[Round "7.14"]
[White "Breier, Andreas"]
[Black "Orlov, Andrey"]
[Result "1/2-1/2"]
[WhiteElo "2399"]
[BlackElo "2502"]
[PlyCount "26"]
[EventDate "2010.07.13"]
[EventType "swiss"]
[EventRounds "9"]
[EventCountry "GRE"]
[Source "lmi"]
[SourceDate "2010.07.13"]

1. d4 Nf6 2. c4 d6 3. Nc3 e5 4. Nf3 Nbd7 5. e4 exd4 6. Nxd4 g6 7. Be2 Bg7 8.
O-O O-O 9. f3 Re8 10. Be3 c6 11. Nc2 Nb6 12. c5 dxc5 13. Bxc5 Be6 1/2-1/2

[Event "2. Rethymno Open"]
[Site "Rethymno GRE"]
[Date "2010.07.18"]
[Round "7.16"]
[White "Sgnaolin, Davide"]
[Black "David, Alberto"]
[Result "0-1"]
[WhiteElo "2255"]
[BlackElo "2622"]
[PlyCount "42"]
[EventDate "2010.07.13"]
[EventType "swiss"]
[EventRounds "9"]
[EventCountry "GRE"]
[Source "lmi"]
[SourceDate "2010.07.13"]

1. e4 g6 2. d4 Bg7 3. Nf3 d6 4. c3 Nf6 5. Bd3 O-O 6. O-O Nc6 7. Re1 e5 8. Na3
Bg4 9. Nc2 Nd7 10. d5 Ne7 11. Ne3 Bxf3 12. Qxf3 c6 13. Bc4 Nb6 14. Qd1 Nxc4 15.
Nxc4 cxd5 16. exd5 Rc8 17. Nd2 f5 18. c4 e4 19. Rb1 g5 20. g4 Qd7 21. b3 Ng6
0-1

[Event "2. Rethymno Open"]
[Site "Rethymno GRE"]
[Date "2010.07.18"]
[Round "7.17"]
[White "Malikentzos, Sotirios"]
[Black "Borovikov, Vladislav"]
[Result "0-1"]
[WhiteElo "2239"]
[BlackElo "2601"]
[PlyCount "120"]
[EventDate "2010.07.13"]
[EventType "swiss"]
[EventRounds "9"]
[EventCountry "GRE"]
[Source "lmi"]
[SourceDate "2010.07.13"]

1. d4 Nf6 2. c4 g6 3. g3 Bg7 4. Bg2 d5 5. cxd5 Nxd5 6. e4 Nb6 7. Ne2 c5 8. d5
O-O 9. Nbc3 e6 10. O-O exd5 11. exd5 Na6 12. Bf4 Nc4 13. b3 Nd6 14. Rc1 b6 15.
Qd2 Bb7 16. Bh6 Bxh6 17. Qxh6 Qf6 18. Qf4 Qxf4 19. Nxf4 Rfe8 20. Rfe1 Rxe1+ 21.
Rxe1 Kf8 22. Nd3 Re8 23. Rxe8+ Kxe8 24. Ne5 Nc7 25. Nc4 Nxc4 26. bxc4 Kd7 27.
Bh3+ Ke7 28. Bf1 Ne8 29. Nb5 a6 30. Nc3 Kd6 31. f4 Kc7 32. Kf2 Nd6 33. Bd3 Bc8
34. Ke3 Bd7 35. a4 a5 36. Kf3 h5 37. Ke3 Kd8 38. Nb5 Bxb5 39. axb5 Ke7 40. Kd2
Kf6 41. Kc3 g5 42. Bc2 g4 43. Bd3 Kg7 44. Bc2 f5 45. Bd3 Kg6 46. Kd2 h4 47.
gxh4 Kh5 48. Ke3 Kxh4 49. Bxf5 Nxf5+ 50. Ke4 Nd6+ 51. Ke5 Nxc4+ 52. Ke6 a4 53.
f5 a3 54. f6 a2 55. f7 a1=Q 56. f8=Q Qe5+ 57. Kd7 Qxd5+ 58. Kc7 Qd6+ 59. Qxd6
Nxd6 60. Kxb6 Nxb5 0-1

[Event "2. Rethymno Open"]
[Site "Rethymno GRE"]
[Date "2010.07.18"]
[Round "7.19"]
[White "Vakhania, Alexandra"]
[Black "Rombaldoni, Denis"]
[Result "0-1"]
[WhiteElo "2199"]
[BlackElo "2493"]
[PlyCount "86"]
[EventDate "2010.07.13"]
[EventType "swiss"]
[EventRounds "9"]
[EventCountry "GRE"]
[Source "lmi"]
[SourceDate "2010.07.13"]

1. c4 e5 2. g3 Nf6 3. Bg2 d5 4. cxd5 Nxd5 5. Nc3 Ne7 6. Nf3 Nbc6 7. O-O g6 8.
b4 Bg7 9. b5 Nd4 10. Rb1 O-O 11. d3 a6 12. a4 axb5 13. axb5 Bg4 14. Nxd4 exd4
15. Ne4 Nd5 16. h3 Bf5 17. Bg5 f6 18. Bd2 b6 19. Qc1 Qd7 20. Qc6 Qxc6 21. bxc6
Be6 22. Ra1 h6 23. g4 Kf7 24. Rfc1 Rfd8 25. Ng3 Bf8 26. h4 Ba3 27. Rc2 Nb4 28.
Bxb4 Bxb4 29. Rb1 Be7 30. Bf3 Ra5 31. Kg2 b5 32. Ne4 b4 33. Nd2 Ra3 34. Rcb2
Rc3 35. Nb3 f5 36. gxf5 gxf5 37. h5 Kf6 38. Kf1 Ke5 39. Ke1 Ra8 40. Kd2 Ra3 41.
Nc1 f4 42. Rxb4 Bxb4 43. Rxb4 Ra1 0-1

[Event "2. Rethymno Open"]
[Site "Rethymno GRE"]
[Date "2010.07.18"]
[Round "7.20"]
[White "Prasanna, Rao"]
[Black "Townsend, M Paul"]
[Result "1-0"]
[WhiteElo "2373"]
[BlackElo "2246"]
[PlyCount "91"]
[EventDate "2010.07.13"]
[EventType "swiss"]
[EventRounds "9"]
[EventCountry "GRE"]
[Source "lmi"]
[SourceDate "2010.07.13"]

1. e4 e6 2. d4 d5 3. Nd2 c5 4. exd5 exd5 5. Ngf3 Nc6 6. Bb5 Bd6 7. dxc5 Bxc5 8.
O-O Nge7 9. Nb3 Bd6 10. Re1 O-O 11. Bg5 Bg4 12. Be2 Re8 13. h3 Bh5 14. Nfd4
Bxe2 15. Qxe2 h6 16. Bxe7 Rxe7 17. Qh5 Nxd4 18. Nxd4 Bc5 19. Nb3 Rxe1+ 20. Rxe1
Bb6 21. Qf5 Qh4 22. Nc1 g6 23. Qf3 Rc8 24. Re2 Rc4 25. Qxd5 Qd4 26. Qxd4 Rxd4
27. Nd3 Rd7 28. Kf1 Kg7 29. Ke1 Kf6 30. Re4 Rc7 31. Kd2 Rd7 32. Ke2 Rc7 33. c4
Kg7 34. b3 f5 35. Re8 Kf7 36. Rb8 Re7+ 37. Kf3 Bd4 38. Rd8 Bb6 39. Rc8 g5 40.
Nb4 Re1 41. Nd5 Bd4 42. Rc7+ Kg6 43. Rd7 g4+ 44. hxg4 fxg4+ 45. Kxg4 Bxf2 46.
Rxb7 1-0